000 00282nam a22001337a 4500
008 190304b xxu||||| |||| 00| 0 eng d
020 _a30944
041 _aeng
080 _a573
100 _a11
101 _aBIO
245 _aPlant Physiology
_cBidwell, R.G.S
942 _2udc
_cBK
999 _c54439
_d54439